[Event "GBR-ch 109th"]
[Site "Leicester"]
[Date "2023.07.28"]
[Round "7"]
[White "Ledger, Andrew"]
[Black "Wadsworth, Matthew J"]
[Result "1/2-1/2"]
[WhiteElo "2299"]
[BlackElo "2431"]
[PlyCount "86"]
[EventDate "2023.07.22"]
[EventType "swiss"]
[EventRounds "9"]
[EventCountry "ENG"]
[SourceTitle "CBM 215 Extra"]
[Source "ChessBase"]
[SourceDate "2023.09.30"]
[SourceVersion "1"]
[SourceVersionDate "2023.09.30"]
[SourceQuality "1"]

1. d4 d5 2. c4 c6 3. cxd5 cxd5 4. Bf4 Nc6 5. e3 Nf6 6. Nc3 a6 7. Be2 Bf5 8. Nf3 e6 9. Qb3 Nh5 10. Be5 f6 11. Nh4 Bg6 12. Bg3 Nxg3 13. hxg3 Bf7 14. Bd3 f5 15. f4 g5 16. Nf3 g4 17. Ne5 Nxe5 18. dxe5 Bc5 19. Ne2 Qa5+ 20. Kf2 b5 21. Rac1 b4 22. Bb1 0-0 23. Nd4 Bxd4 24. exd4 Rfc8 25. Rc2 Rxc2+ 26. Qxc2 b3 27. axb3 Rb8 28. Rc1 Qb4 29. Qd3 Qxb3 30. Rc8+ Kg7 31. Rxb8 Qxb8 32. Qc3 a5 33. Bd3 h5 34. Ke3 Qd8 35. Qc5 h4 36. Qd6 Qc8 37. Qe7 Qc1+ 38. Ke2 Qxb2+ 39. Ke3 Qc1+ 40. Ke2 Qb2+ 41. Ke3 hxg3 42. Qf6+ Kg8 43. Qd8+ Kg7 1/2-1/2

[Event "GBR-ch 109th"]
[Site "Leicester"]
[Date "2023.07.27"]
[Round "6"]
[White "Pert, Richard G"]
[Black "Ledger, Andrew"]
[Result "1/2-1/2"]
[WhiteElo "2421"]
[BlackElo "2299"]
[PlyCount "47"]
[EventDate "2023.07.22"]
[EventType "swiss"]
[EventRounds "9"]
[EventCountry "ENG"]
[SourceTitle "CBM 215 Extra"]
[Source "ChessBase"]
[SourceDate "2023.09.30"]
[SourceVersion "1"]
[SourceVersionDate "2023.09.30"]
[SourceQuality "1"]

1. e4 c6 2. d4 d5 3. exd5 cxd5 4. Nf3 Nf6 5. Bf4 Nc6 6. Nbd2 a6 7. c3 Bf5 8. Be2 e6 9. Nh4 Bg6 10. Qb3 b5 11. Nxg6 hxg6 12. a4 b4 13. a5 Bd6 14. Bxd6 Qxd6 15. Nf3 bxc3 16. bxc3 Ne4 17. Bd3 f5 18. Qa3 Ke7 19. 0-0 Qxa3 20. Rxa3 Rhb8 21. g3 Rb2 22. Rb1 Rxb1+ 23. Bxb1 Nd6 24. Bd3 1/2-1/2

[Event "Titled Tuesday intern op 30th May Early"]
[Site "Chess.com INT"]
[Date "2023.05.30"]
[Round "3"]
[White "Bagwe, Gaurang"]
[Black "Ledger, Andrew"]
[Result "1-0"]
[WhiteElo "2067"]
[BlackElo "2305"]
[PlyCount "63"]
[EventDate "2023.05.30"]
[EventType "swiss (blitz)"]
[EventRounds "11"]
[EventCountry "USA"]
[SourceTitle "CBM 214 Extra"]
[Source "ChessBase"]
[SourceDate "2023.07.31"]
[SourceVersion "1"]
[SourceVersionDate "2023.07.31"]
[SourceQuality "1"]

1. e4 e5 2. Nf3 d6 3. d4 exd4 4. Nxd4 Nf6 5. Nc3 Be7 6. f3 0-0 7. Be3 a6 8. a4 c5 9. Nb3 Be6 10. Be2 Nc6 11. 0-0 Re8 12. Nd5 Bxd5 13. exd5 Nb4 14. c4 Nd7 15. Qd2 Bf6 16. Rae1 Ne5 17. f4 Ng6 18. Bg4 Qc7 19. Nc1 Rxe3 20. Rxe3 Bd4 21. Ne2 Bxe3+ 22. Qxe3 Kf8 23. Ng3 Re8 24. Qc3 Ne7 25. Nh5 f6 26. Nxf6 Na2 27. Nxh7+ Kg8 28. Be6+ Kxh7 29. Qh3+ Kg6 30. Qg4+ Kh6 31. Qg5+ Kh7 32. Qh5# 1-0

[Event "Titled Tuesday intern op 30th May Early"]
[Site "Chess.com INT"]
[Date "2023.05.30"]
[Round "7"]
[White "Guz, Ari"]
[Black "Ledger, Andrew"]
[Result "1-0"]
[WhiteElo "2324"]
[BlackElo "2305"]
[PlyCount "57"]
[EventDate "2023.05.30"]
[EventType "swiss (blitz)"]
[EventRounds "11"]
[EventCountry "USA"]
[SourceTitle "CBM 214 Extra"]
[Source "ChessBase"]
[SourceDate "2023.07.31"]
[SourceVersion "1"]
[SourceVersionDate "2023.07.31"]
[SourceQuality "1"]

1. a4 e5 2. a5 d5 3. e3 Nf6 4. a6 bxa6 5. d4 e4 6. c4 c6 7. Nc3 Bd6 8. Qb3 0-0 9. Nge2 Be6 10. Qb7 Qc7 11. Qxa8 Nbd7 12. Qxf8+ Nxf8 13. c5 Be7 14. Nf4 g5 15. Nxe6 Nxe6 16. Bxa6 h5 17. Be2 Kg7 18. b4 g4 19. b5 Ng5 20. Ra6 cxb5 21. Nxb5 Qb7 22. Rxa7 Qb8 23. Rxe7 Nf3+ 24. gxf3 exf3 25. Bd3 Ne4 26. 0-0 Ng5 27. c6 h4 28. c7 Qc8 29. Nd6 1-0

[Event "Titled Tuesday intern op 30th May Early"]
[Site "Chess.com INT"]
[Date "2023.05.30"]
[Round "6"]
[White "Ledger, Andrew"]
[Black "Hajiyev, Kanan"]
[Result "0-1"]
[WhiteElo "2305"]
[BlackElo "2197"]
[PlyCount "80"]
[EventDate "2023.05.30"]
[EventType "swiss (blitz)"]
[EventRounds "11"]
[EventCountry "USA"]
[SourceTitle "CBM 214 Extra"]
[Source "ChessBase"]
[SourceDate "2023.07.31"]
[SourceVersion "1"]
[SourceVersionDate "2023.07.31"]
[SourceQuality "1"]

1. e4 c6 2. d4 d5 3. e5 a6 4. Bd3 c5 5. c3 cxd4 6. cxd4 Nc6 7. Ne2 Bg4 8. f3 Bh5 9. 0-0 e6 10. Be3 Qb6 11. Qd2 Nge7 12. Nbc3 Bg6 13. a3 Nf5 14. Bf2 h5 15. b4 Qa7 16. Rfc1 Be7 17. Na4 h4 18. Nc5 0-0 19. Nxa6 Ncxd4 20. Nxd4 Nxd4 21. Nc7 Nb3 22. Qc3 Qa4 23. Nxa8 Nxc1 24. Nb6 Bxd3 25. Qxd3 Nxd3 26. Nxa4 Ra8 27. Nb6 Ra6 28. b5 Ra5 29. Nc8 Bxa3 30. Bb6 Rxb5 31. h3 Bf8 32. Kh2 g5 33. Be3 Nxe5 34. Nd6 Bxd6 35. f4 Kg7 36. fxe5 Bxe5+ 37. Kg1 f6 38. Bf2 Bxa1 39. Be3 Rb3 40. Bd4 Bxd4+ 0-1

[Event "Titled Tuesday intern op 30th May Early"]
[Site "Chess.com INT"]
[Date "2023.05.30"]
[Round "2"]
[White "Ledger, Andrew"]
[Black "Jovic, Stanoje"]
[Result "1-0"]
[WhiteElo "2305"]
[BlackElo "2075"]
[PlyCount "95"]
[EventDate "2023.05.30"]
[EventType "swiss (blitz)"]
[EventRounds "11"]
[EventCountry "USA"]
[SourceTitle "CBM 214 Extra"]
[Source "ChessBase"]
[SourceDate "2023.07.31"]
[SourceVersion "1"]
[SourceVersionDate "2023.07.31"]
[SourceQuality "1"]

1. c4 e5 2. g3 c6 3. d4 exd4 4. Qxd4 d5 5. Nf3 Nf6 6. cxd5 cxd5 7. Bg2 Nc6 8. Qa4 Bb4+ 9. Bd2 Qa5 10. Qxa5 Bxa5 11. 0-0 0-0 12. Bxa5 Nxa5 13. Nbd2 Re8 14. e3 Be6 15. Rfc1 Rac8 16. Kf1 Kf8 17. Nd4 Ke7 18. Ke1 a6 19. b4 Nc6 20. Nxc6+ Rxc6 21. Rxc6 bxc6 22. Nb3 Nd7 23. Rc1 Kd6 24. Na5 Rc8 25. Bf1 Nb8 26. Bd3 Kc7 27. Bxa6 Nxa6 28. Rxc6+ Kd7 29. Rxa6 Rc1+ 30. Kd2 Rf1 31. Ke2 Rb1 32. Nb3 Bg4+ 33. Kd3 Rb2 34. Ra7+ Ke8 35. f4 Rxh2 36. Nd4 Rg2 37. b5 Rb2 38. Kc3 Rb1 39. a4 Bd7 40. Nb3 Re1 41. Kd2 Rb1 42. Nc5 Bf5 43. Rb7 Rb2+ 44. Kc3 Rc2+ 45. Kd4 Rd2+ 46. Ke5 Bd7 47. Kd6 Bg4 48. Rb8+ 1-0

[Event "BCF-chT 2223 (4NCL)"]
[Site "England"]
[Date "2023.04.29"]
[Round "9.4"]
[White "Ledger, Andrew"]
[Black "Keetman, Maaike"]
[Result "0-1"]
[WhiteElo "2306"]
[BlackElo "2129"]
[PlyCount "68"]
[EventDate "2022.10.22"]
[EventType "team-swiss"]
[EventRounds "11"]
[EventCountry "ENG"]
[SourceTitle "EXT 2024"]
[Source "ChessBase"]
[SourceDate "2023.10.10"]
[SourceVersion "1"]
[SourceVersionDate "2023.10.10"]
[SourceQuality "1"]
[WhiteTeam "Blackthorne Russia"]
[BlackTeam "Chessable White Rose II"]
[WhiteTeamCountry "ENG"]
[BlackTeamCountry "ENG"]

1. Nf3 d5 2. g3 Nf6 3. Bg2 c5 4. 0-0 e6 5. d4 cxd4 6. Nxd4 e5 7. Nb3 Be6 8. Bg5 Nbd7 9. e4 dxe4 10. Nc3 Be7 11. Nxe4 Nxe4 12. Bxe7 Qxe7 13. Bxe4 Rb8 14. Re1 0-0 15. Bg2 Rfd8 16. Qe2 Qb4 17. Qe4 Qxe4 18. Bxe4 b6 19. Rad1 Bg4 20. f3 Be6 21. Bd5 Bf5 22. c4 Rbc8 23. Rd2 Kf8 24. g4 Bg6 25. Kf2 f6 26. f4 Bf7 27. Kf3 Bxd5+ 28. cxd5 Rc4 29. Re4 Rdc8 30. d6 Kf7 31. h3 Rxe4 32. Kxe4 Rc4+ 33. Kd5 b5 34. fxe5 Nb6# 0-1

[Event "BCF-chT 2223 (4NCL)"]
[Site "England"]
[Date "2023.03.18"]
[Round "7.6"]
[White "Ledger, Andrew"]
[Black "Freeman, Gordon"]
[Result "0-1"]
[WhiteElo "2306"]
[BlackElo "2102"]
[PlyCount "90"]
[EventDate "2022.10.22"]
[EventType "team-swiss"]
[EventRounds "11"]
[EventCountry "ENG"]
[SourceTitle "CBM 213 Extra"]
[Source "ChessBase"]
[SourceDate "2023.05.31"]
[SourceVersion "1"]
[SourceVersionDate "2023.05.31"]
[SourceQuality "1"]
[WhiteTeam "Blackthorne Russia"]
[BlackTeam "Gonzaga"]
[WhiteTeamCountry "ENG"]
[BlackTeamCountry "ENG"]

1. d4 d5 2. c4 Nc6 3. Nc3 Nf6 4. cxd5 Nxd5 5. Nf3 e5 6. dxe5 Bb4 7. Bd2 Nxc3 8. bxc3 Ba5 9. e3 0-0 10. Qa4 Bb6 11. c4 Qe7 12. Bc3 Bg4 13. Be2 Bxf3 14. Bxf3 Nxe5 15. Be2 Rad8 16. 0-0 Nd3 17. Qc2 Qe4 18. Rac1 Nxc1 19. Qxc1 f6 20. Qb2 Rfe8 21. Rc1 Qf5 22. Bf3 c6 23. h3 Re7 24. Bg4 Qg5 25. Kh1 h5 26. Bf3 Red7 27. Qb3 Kh8 28. Rd1 Rxd1+ 29. Bxd1 Qf5 30. Bf3 Qd3 31. Kg1 h4 32. Qb2 Qd6 33. Kf1 Qd3+ 34. Be2 Qd6 35. Qc2 Qh2 36. Bf3 Bc5 37. Ke2 Qd6 38. Qb1 a6 39. Ke1 Qh2 40. Ke2 Qd6 41. Ke1 b5 42. cxb5 cxb5 43. Qf5 b4 44. Qh5+ Kg8 45. Be4 bxc3 0-1

[Event "Hastings Masters op"]
[Site "Hastings"]
[Date "2023.01.01"]
[Round "5"]
[White "Ledger, Andrew"]
[Black "Hebden, Mark"]
[Result "1/2-1/2"]
[WhiteElo "2314"]
[BlackElo "2448"]
[PlyCount "87"]
[EventDate "2022.12.28"]
[EventType "swiss"]
[EventRounds "10"]
[EventCountry "ENG"]
[SourceTitle "CBM 212 Extra"]
[Source "ChessBase"]
[SourceDate "2023.03.31"]
[SourceVersion "1"]
[SourceVersionDate "2023.03.31"]
[SourceQuality "1"]

1. d4 Nf6 2. c4 g6 3. Nc3 Bg7 4. e4 d6 5. Nf3 0-0 6. Be2 e5 7. Be3 Nbd7 8. 0-0 Re8 9. Qc2 Ng4 10. Bg5 f6 11. Bc1 exd4 12. Nxd4 Nc5 13. h3 Nh6 14. Bf3 Nf7 15. Be3 Ng5 16. Rad1 Bd7 17. b4 Nce6 18. Be2 a5 19. a3 axb4 20. axb4 f5 21. exf5 Nxd4 22. Bxd4 Bxf5 23. Qb3 Nxh3+ 24. gxh3 Qg5+ 25. Kh1 Bxh3 26. c5+ d5 27. Bf3 Bxd4 28. Nxd5 Kh8 29. Rxd4 Bxf1 30. Rd1 Be2 31. Qc3+ Qe5 32. Bxe2 c6 33. Qxe5+ Rxe5 34. Nb6 Ra2 35. Bf1 Rxf2 36. Nc4 Rg5 37. Nd6 Rf4 38. Bh3 Rg3 39. Kh2 Rc3 40. Re1 Rh4 41. Re8+ Kg7 42. Re7+ Kh6 43. Nf7+ Kg7 44. Nd6+ 1/2-1/2